10 random German Numbers - Statistics

General Stats
  • This quiz has been taken 9 times
  • The average score is 9 of 10
Answer Stats
Hint Answer % Correct
78 Achtundsiebzig
100%
48 Achtundvierzig
100%
18 Achtzehn
100%
30 Dreißig
100%
83 Dreiundachtzig
100%
93 Dreiundneunzig
100%
73 Dreiundsiebzig
100%
43 Dreiundvierzig
100%
23 Dreiundzwanzig
100%
1 Eins
100%
31 Einunddreißig
100%
91 Einundneunzig
100%
71 Einundsiebzig
100%
11 Elf
100%
85 Fünfundachtzig
100%
55 Fünfundfünfzig
100%
65 Fünfundsechzig
100%
75 Fünfundsiebzig
100%
25 Fünfundzwanzig
100%
39 Neununddreißig
100%
99 Neunundneunzig
100%
69 Neunundsechzig
100%
90 Neunzig
100%
36 Sechsunddreißig
100%
76 Sechsundsiebzig
100%
7 Sieben
100%
87 Siebenundachtzig
100%
47 Siebenundvierzig
100%
27 Siebenundzwanzig
100%
4 Vier
100%
54 Vierundfünfzig
100%
94 Vierundneunzig
100%
64 Vierundsechzig
100%
44 Vierundvierzig
100%
10 Zehn
100%
20 Zwanzig
100%
82 Zweiundachtzig
100%
32 Zweiunddreißig
100%
52 Zweiundfünfzig
100%
62 Zweiundsechzig
100%
50 Fünfzig
75%
28 Achtundzwanzig
50%
8 Acht
0%
88 Achtundachtzig
0%
38 Achtunddreißig
0%
58 Achtundfünfzig
0%
98 Achtundneunzig
0%
68 Achtundsechzig
0%
80 Achtzig
0%
3 Drei
0%
33 Dreiunddreißig
0%
53 Dreiundfünfzig
0%
63 Dreiundsechzig
0%
13 Dreizehn
0%
100 Einhundert
0%
81 Einundachtzig
0%
51 Einundfünfzig
0%
61 Einundsechzig
0%
41 Einundvierzig
0%
21 Einundzwanzig
0%
5 Fünf
0%
35 Fünfunddreißig
0%
95 Fünfundneunzig
0%
45 Fünfundvierzig
0%
15 Fünfzehn
0%
9 Neun
0%
89 Neunundachtzig
0%
59 Neunundfünfzig
0%
79 Neunundsiebzig
0%
49 Neunundvierzig
0%
29 Neunundzwanzig
0%
19 Neunzehn
0%
6 Sechs
0%
86 Sechsundachtzig
0%
56 Sechsundfünfzig
0%
96 Sechsundneunzig
0%
66 Sechsundsechzig
0%
46 Sechsundvierzig
0%
26 Sechsundzwanzig
0%
16 Sechzehn
0%
60 Sechzig
0%
37 Siebenunddreißig
0%
57 Siebenundfünfzig
0%
97 Siebenundneunzig
0%
67 Siebenundsechzig
0%
77 Siebenundsiebzig
0%
17 Siebzehn
0%
70 Siebzig
0%
84 Vierundachtzig
0%
34 Vierunddreißig
0%
74 Vierundsiebzig
0%
24 Vierundzwanzig
0%
14 Vierzehn
0%
40 Vierzig
0%
2 Zwei
0%
92 Zweiundneunzig
0%
72 Zweiundsiebzig
0%
42 Zweiundvierzig
0%
22 Zweiundzwanzig
0%
12 Zwölf
0%
No matching quizzes found
Score Distribution
Percent of People with Each Score
Percentile by Number Answered
Your Score History
You have not taken this quiz